000
00211 a2200097 4500
001
4583
100
_a
Wylie,C.R
245
_a
Advanced engineering mathematics
260
_a
_b
Mcgrawhill
_c
090
_c
3777
_d
3777
942
_a
NUST-CAE
_c
M
_c
30019
999
_c
239656
_d
239656